000 00240nam a2200097Ia 4500
001 808542
005 20250826171252.0
008 250824s9999 xx 000 0 und d
245 0 _aKÖPRÜBAŞI
_cYAVUZ BAHADIROĞLU
260 _bNESİL YAYINLARI
999 _c808542
_d808542